Drama Yusuf (Record no. 907)

MARC details
000 -LEADER
fixed length control field 00538nam a2200241 a 4500
020 ## - INTERNATIONAL STANDARD BOOK NUMBER
ISBN
082 00 - DEWEY DECIMAL CLASSIFICATION NUMBER
Classification number 244
Author Cutter DAY
100 ## - MAIN ENTRY--AUTHOR NAME
Author name Dayal, Chand
245 ## - TITLE STATEMENT
Title Drama Yusuf
260 ## - PUBLICATION, DISTRIBUTION, ETC. (IMPRINT)
Place of publication Lahore
Name of publisher M. K. Khan
Year of publication 1931
300 ## - PHYSICAL DESCRIPTION
Number of Pages 40p
500 ## - GENERAL NOTE
General note includes index and biblioraphy
505 2# - FORMATTED CONTENTS NOTE
Formatted contents note Index
650 ## - SUBJECT ADDED ENTRY--TOPICAL TERM
Topical Term Christian-Drama
942 ## - ADDED ENTRY ELEMENTS (KOHA)
Koha item type Books
700 1# -
-- Dayal, Chand
Holdings
Home library Current library Date acquired Cost, normal purchase price Full call number Accession Number Koha item type
Henry Martyn Institute Library Henry Martyn Institute Library 07/05/2007 100.00 244 DAY 4461 Archive Book
                   Copyright © 2026 | Henry Martyn Institute | Hyderabad | TS-500052 | INDIA | Implemented by hmi.edu.in
Hit-Count:

Powered by Koha